• 首页
  • 本馆介绍
  • 公告通知
  • 最新文献
  • 馆藏检索
  • 电子资源
  • 读者导购
  • 参考咨询
  • 我的图书馆
  • 登录
  • 详细信息显示
  • 放入我的书架
  • 预约/预借图书
  • 作者相关作品
  • 分类相关作品
  • 丛书相关作品
  • 出版社相关作品

书目信息

  • 表格格式
  • 工作单格式
  • 卡片格式
题名:
第三帝国的兴亡:纳粹德国史
    
 
作者: 夏伊勒
分册:  
出版信息: 北京   世界知识出版社  1996.04
页数: 1282页
开本: 32开
丛书名:
单 册:
中图分类: K516.44
科图分类:
主题词: 东欧--历史 , 中欧--历史
电子资源:
ISBN: 7-5012-0753-4
000 00585nam0 2200193 45
001 9911301546
005 19991130154153.9
010    @a7-5012-0753-4@d57.80
100    @a19991130d1996 km y0chiy0120 ea
101    @achi
105    @a z 000yy
200 1  @a第三帝国的兴亡:纳粹德国史@ADi San Di Guo De Xing Wang:Na Cui De Guo Shi@f夏伊勒@FXia Yi Le@g董乐山
210    @a北京@c世界知识出版社@d1996.04
215    @a1282页@c无图表@d32开
606 0  @a东欧@x历史
606 0  @a中欧@x历史
690    @aK516.44@v3
801    @aCN@bPerfectUser@c19991130
905    @aBZT@b60695-703@f9@dK516.44@e1
    
    第三帝国的兴亡:纳粹德国史/夏伊勒/董乐山.-北京:世界知识出版社,1996.04
    1282页:无图表;32开
    
    
    ISBN 7-5012-0753-4:57.80
    
●
相关链接 在五车中查询图书 在当当中查询图书 在豆瓣中查询图书


正题名:第三帝国的兴亡:纳粹德国史     索取号:K516.44/1         预约/预借

序号 登录号 条形码 馆藏地/架位号 状态 备注
1 60695   200532469   中心书库南/020架B面1层5列/ [索取号:K516.44/1] 在馆    
2 60696   200532423   中心书库南/020架B面1层5列/ [索取号:K516.44/1] 在馆    
3 60697   200532450   中心书库南/020架B面1层5列/ [索取号:K516.44/1] 在馆    
4 60698   200532441   中心书库南/020架B面1层5列/ [索取号:K516.44/1] 在馆    
5 60700   200532414   中心书库南/020架B面1层5列/ [索取号:K516.44/1] 在馆    
6 60701   200532389   中心书库南/020架B面1层5列/ [索取号:K516.44/1] 在馆    
7 60702   200532398   中心书库南/020架B面1层5列/ [索取号:K516.44/1] 在馆    
8 60703   200532432   中心书库南/020架B面1层5列/ [索取号:K516.44/1] 在馆    
山东省滨州职业学院图书馆 欢迎您!
大连网信软件有限公司© 版权所有